Vista normal
Vista MARC
Entrada Materia (tema)
Número de registros utilizados en: 1
001 - CONTROL NUMBER
- control field: 87538
003 - CONTROL NUMBER IDENTIFIER
- control field: Co-BoUCM
005 - DATE AND TIME OF LATEST TRANSACTION
- control field: 20171009072215.0
008 - FIXED-LENGTH DATA ELEMENTS
- fixed length control field: 171009|| aca||aabn | a|a d
040 ## - CATALOGING SOURCE
- Original cataloging agency: Co-BoUCM
- Transcribing agency: Co-BoUCM
150 ## - HEADING--TOPICAL TERM
- Topical term or geographic name as entry element: América Latina
- General subdivision: Condiciones sociales
670 ## - SOURCE DATA FOUND
- Source citation: Work cat.: (Co-BoUCM)307554: Pribble, Jennifer 87537, Partidos políticos y estado de bienestar en américa latina, 2017